| 000 | 00340nam a2200109 4500 | ||
|---|---|---|---|
| 999 |
_c13056 _d13056 |
||
| 008 | 190207b ||||| |||| 00| 0 eng d | ||
| 245 |
_aGo digital: _bPLDT exec urges cultural and heritage agencies to tap social media. |
||
| 260 |
_aDavao City _bSun Star Davao _cc2017 |
||
| 300 | _apage 11. | ||
| 650 | 0 |
_936729 _aTechnology. |
|
| 942 |
_2ddc _cPER |
||